000 00403nmm a2200145Ia 4500
008 251105s9999||||xx |||||||||||||||||und||
041 _aspa
100 _aFabbri, Robert
245 0 _aVespasiano. Tribuno de Roma
264 _a[Madrid, España] :
_bEdhasa,
_c2012
300 _a512 páginas
650 _aHistorical fiction
856 _uhttps://public.digitaliapublishing.com/a/30913
942 _cCF
999 _c104603
_d104603